Celibacy : (Record no. 6104)
[ view plain ]
| 000 -LEADER | |
|---|---|
| fixed length control field | 00642cam a2200205 a 4500 |
| 001 - CONTROL NUMBER | |
| control field | 673845 |
| 005 - DATE AND TIME OF LATEST TRANSACTION | |
| control field | 20250531145036.0 |
| 008 - FIXED-LENGTH DATA ELEMENTS--GENERAL INFORMATION | |
| fixed length control field | 951108s1996 mou 000 0 eng |
| 020 ## - INTERNATIONAL STANDARD BOOK NUMBER | |
| International Standard Book Number | 0892438746 |
| 050 00 - LIBRARY OF CONGRESS CALL NUMBER | |
| Classification number | BV4390 |
| Item number | .S46 1996 |
| 082 00 - DEWEY DECIMAL CLASSIFICATION NUMBER | |
| Classification number | 248.4/7 |
| Edition information | 20 |
| 100 1# - MAIN ENTRY--PERSONAL NAME | |
| Personal name | Sipe, A. W. Richard, |
| Dates associated with a name | 1932-2018. |
| 245 10 - TITLE STATEMENT | |
| Title | Celibacy : |
| Remainder of title | a way of loving, living, and serving / |
| Statement of responsibility, etc. | A.W. Richard Sipe ; [foreword by Susan Muto]. |
| 250 ## - EDITION STATEMENT | |
| Edition statement | 1st ed. |
| 260 ## - PUBLICATION, DISTRIBUTION, ETC. | |
| Place of publication, distribution, etc. | Liguori, Mo. : |
| Name of publisher, distributor, etc. | Triumph Books, |
| Date of publication, distribution, etc. | [1996] |
| 300 ## - PHYSICAL DESCRIPTION | |
| Extent | vii, 197 p. ; |
| Dimensions | 21 cm. |
| 650 #0 - SUBJECT ADDED ENTRY--TOPICAL TERM | |
| Topical term or geographic name entry element | Celibacy |
| General subdivision | Catholic Church. |
| 650 #0 - SUBJECT ADDED ENTRY--TOPICAL TERM | |
| Topical term or geographic name entry element | Spiritual life |
| General subdivision | Catholic Church. |
| 942 ## - ADDED ENTRY ELEMENTS (KOHA) | |
| Source of classification or shelving scheme | Library of Congress Classification |
| Koha item type | Books |
| Suppress in OPAC | No |
| 999 ## - | |
| -- | 6104 |
| -- | 6104 |
| Withdrawn status | Lost status | Source of classification or shelving scheme | Damaged status | Not for loan | Collection | Home library | Current library | Shelving location | Date acquired | Total checkouts | Full call number | Barcode | Date last seen | Copy number | Price effective from | Koha item type |
|---|---|---|---|---|---|---|---|---|---|---|---|---|---|---|---|---|
| Library of Congress Classification | Non-fiction | Undergraduate Library (Christ Temple) | Undergraduate Library (Christ Temple) | General stacks | 05/31/2025 | BV4390 SIP | ulct00002800 | 05/31/2025 | 1 | 05/31/2025 | Books |